Statistics for African countries with 7 letters

Click here to take the quiz!

General Stats

  • This quiz has been taken 35 times
  • The average score is 9 of 12

Answer Stats

Answer% Correct
Algeria
97%
Nigeria
84%
Namibia
81%
Senegal
81%
Tunisia
81%
Eritrea
78%
Lesotho
78%
Liberia
78%
Burundi
75%
Morocco
72%
Somalia
66%
Comoros
63%

Score Distribution

Percentile by Number Answered

Percent of People with Each Score

Your Score History

You have not taken this quiz